[Event "Suwalki Warakomska Memorial 6th"]
[Site "Suwalki"]
[Date "2022.08.05"]
[Round "3"]
[White "Reza, Wojciech"]
[Black "Kucza, Karol"]
[Result "1-0"]
[WhiteElo "2247"]
[BlackElo "2356"]
[PlyCount "73"]
[EventDate "2022.08.03"]
[EventType "swiss"]
[EventRounds "9"]
[EventCountry "POL"]
[SourceTitle "CBM 209 Extra"]
[Source "ChessBase"]
[SourceDate "2022.09.30"]
[SourceVersion "1"]
[SourceVersionDate "2022.09.30"]
[SourceQuality "1"]

1. c4 e6 2. Nf3 Nf6 3. Nc3 d5 4. e3 c6 5. b3 Bd6 6. Bb2 0-0 7. Qc2 b6 8. d4 Bb7 9. Bd3 dxc4 10. bxc4 c5 11. d5 exd5 12. Nxd5 Nbd7 13. Rd1 h6 14. 0-0 Re8 15. e4 Nxd5 16. cxd5 Rc8 17. Bb5 a6 18. Bxd7 Qxd7 19. e5 Bf8 20. e6 fxe6 21. Ne5 Qd6 22. Qg6 exd5 23. Qf7+ Kh7 24. Qxb7 d4 25. f4 b5 26. Rde1 Rc7 27. Qe4+ Kg8 28. h4 Rce7 29. Rf3 Rd8 30. Rd1 Qd5 31. Qxd5+ Rxd5 32. Kf1 Re8 33. Ng4 Red8 34. Rfd3 Bd6 35. Ne3 Rh5 36. Bxd4 c4 37. Bb6 1-0

[Event "PGNiG POL Cup"]
[Site "Elblag"]
[Date "2022.04.09"]
[Round "9"]
[White "Reza, Wojciech"]
[Black "Antolak, Julia"]
[Result "1/2-1/2"]
[WhiteElo "2247"]
[BlackElo "2371"]
[PlyCount "176"]
[EventDate "2022.04.09"]
[EventType "swiss (rapid)"]
[EventRounds "9"]
[EventCountry "POL"]
[SourceTitle "CBM 207 Extra"]
[Source "ChessBase"]
[SourceDate "2022.05.31"]
[SourceVersion "1"]
[SourceVersionDate "2022.05.31"]
[SourceQuality "1"]

1. c4 e5 2. g3 Nf6 3. Bg2 d5 4. cxd5 Nxd5 5. Nf3 Nc6 6. 0-0 Nb6 7. b3 Be7 8. Bb2 Bf6 9. Nc3 0-0 10. Ne4 Re8 11. d3 Bg4 12. h3 Bh5 13. Re1 Be7 14. Rc1 f5 15. Nc5 Bxc5 16. Rxc5 Qd6 17. Qc1 Rad8 18. Nh4 f4 19. Bxc6 bxc6 20. Rxc6 Qd7 21. Kg2 fxg3 22. fxg3 Nd5 23. Nf3 e4 24. dxe4 Rxe4 25. Qg5 Bg6 26. Ne5 Rxe5 27. Qxe5 Re8 28. Qd4 Re4 29. Qxg7+ Qxg7 30. Bxg7 Kxg7 31. Ra6 Ne3+ 32. Kf2 Re7 33. Rxa7 Nd5 34. Rc1 Be4 35. Ra4 Kf6 36. Rac4 Ke5 37. Kg1 Rg7 38. Kh2 Rf7 39. Kg1 Rg7 40. g4 h5 41. Kf2 hxg4 42. hxg4 Rxg4 43. Rg1 Rf4+ 44. Ke1 Kd6 45. Rg3 Bb1 46. Rxf4 Nxf4 47. a3 Bc2 48. Kd2 Bf5 49. Rg8 Nd5 50. Rh8 Bd7 51. Rh6+ Kc5 52. Rh7 Be6 53. Rh4 Kd6 54. Kd3 Nb6 55. Kc3 Nd5+ 56. Kb2 Nb6 57. Rh5 Nd5 58. a4 Nf4 59. Rh2 Nd5 60. Rh4 c5 61. Rh8 Nf4 62. e3 Nd5 63. e4 Nf6 64. Rh4 Nd7 65. Rh5 Ne5 66. Kc3 Nc6 67. Rg5 Ne5 68. b4 cxb4+ 69. Kxb4 Nc6+ 70. Kb5 Bd7 71. Kb6 Ne5 72. a5 Nc4+ 73. Ka7 Bc6 74. a6 Bxe4 75. Rg4 Bd5 76. Rg6+ Kc5 77. Kb8 Nb6 78. a7 Kb5 79. Rg5 Kc4 80. Kc7 Na8+ 81. Kd6 Bf3 82. Rg3 Bb7 83. Rg7 Bf3 84. Rf7 Bg2 85. Rf4+ Kb5 86. Rf2 Bb7 87. Ra2 Kb6 88. Rb2+ Kxa7 1/2-1/2

[Event "POL-ch Ekstraliga-A Rapid"]
[Site "Bydgoszcz"]
[Date "2022.03.12"]
[Round "10.3"]
[White "Kantans, Toms"]
[Black "Reza, Wojciech"]
[Result "1/2-1/2"]
[WhiteElo "2492"]
[BlackElo "2247"]
[PlyCount "150"]
[EventDate "2022.03.11"]
[EventType "team-tourn (rapid)"]
[EventRounds "10"]
[EventCountry "POL"]
[SourceTitle "CBM 207 Extra"]
[Source "ChessBase"]
[SourceDate "2022.05.31"]
[SourceVersion "1"]
[SourceVersionDate "2022.05.31"]
[SourceQuality "1"]
[WhiteTeam "Gliwice Akademia Szachowa"]
[BlackTeam "Gostynin Gostmat 83"]
[WhiteTeamCountry "POL"]
[BlackTeamCountry "POL"]

1. e4 e5 2. Nf3 Nc6 3. Bb5 a6 4. Ba4 Nf6 5. 0-0 Be7 6. Qe2 b5 7. Bb3 d6 8. c3 Na5 9. Bc2 c5 10. d4 Qc7 11. d5 c4 12. b4 cxb3 13. axb3 0-0 14. Be3 Bd7 15. h3 Rfb8 16. Rc1 Be8 17. Nbd2 Rc8 18. Bd3 Bd8 19. b4 Nc4 20. Nxc4 bxc4 21. Bc2 a5 22. Ba4 Bxa4 23. Rxa4 Nxe4 24. bxa5 Rxa5 25. Rb4 Ra6 26. Qb2 Qa5 27. Rb8 Ra8 28. Rb5 Qa2 29. Nd2 Qxb2 30. Rxb2 Nxd2 31. Rxd2 Ra3 32. Rb2 h6 33. Rb7 Bf6 34. Rd7 Ra6 35. f3 Bd8 36. Rb1 Bf6 37. Rb6 Ra3 38. Rbxd6 Rxc3 39. Bb6 Rb3 40. Rc7 Rxc7 41. Bxc7 Rd3 42. Rc6 Rxd5 43. Rxc4 Rd7 44. Rc2 h5 45. Kf2 Kh7 46. Ke3 Kg6 47. Rc5 Kf5 48. g4+ hxg4 49. hxg4+ Ke6 50. Rc6+ Kd5 51. Rc2 Ke6 52. Rc6+ Ke7 53. Rc5 Bg5+ 54. Ke2 f6 55. Ba5 Rb7 56. Rc7+ Rxc7 57. Bxc7 Ke6 58. Kd3 Kd5 59. Ba5 Bh4 60. Bb4 g6 61. Ba3 Bf2 62. Be7 Ke6 63. Bb4 f5 64. gxf5+ Kxf5 65. Ke2 Bg3 66. Bc3 Bf4 67. Bb2 Bh6 68. Bc3 Bc1 69. Bb4 Bb2 70. Bd6 Bd4 71. Bc7 Bc5 72. Bb8 g5 73. Bc7 e4 74. Bd8 exf3+ 75. Kxf3 Ke5 1/2-1/2

[Event "POL-ch Ekstraliga-A Rapid"]
[Site "Bydgoszcz"]
[Date "2022.03.12"]
[Round "7.3"]
[White "Kuzmicz, Krystian"]
[Black "Reza, Wojciech"]
[Result "0-1"]
[WhiteElo "2469"]
[BlackElo "2247"]
[PlyCount "94"]
[EventDate "2022.03.11"]
[EventType "team-tourn (rapid)"]
[EventRounds "10"]
[EventCountry "POL"]
[SourceTitle "CBM 207 Extra"]
[Source "ChessBase"]
[SourceDate "2022.05.31"]
[SourceVersion "1"]
[SourceVersionDate "2022.05.31"]
[SourceQuality "1"]
[WhiteTeam "Wisznia Mala Bialy Krol"]
[BlackTeam "Gostynin Gostmat 83"]
[WhiteTeamCountry "POL"]
[BlackTeamCountry "POL"]

1. e4 e5 2. Bc4 Nf6 3. Qf3 c6 4. Nc3 d6 5. d3 g6 6. h3 Bg7 7. Nge2 0-0 8. 0-0 b5 9. Bb3 Nbd7 10. Be3 Bb7 11. Qg3 a5 12. a4 b4 13. Nd1 d5 14. f3 Qe7 15. Qf2 Rac8 16. Bg5 Qd6 17. Ne3 h6 18. Bh4 Nh5 19. Rad1 Nc5 20. Qe1 Kh7 21. Bf2 f5 22. exf5 gxf5 23. d4 Nxb3 24. dxe5 Qxe5 25. cxb3 Qxb2 26. g4 fxg4 27. hxg4 Nf4 28. Nxf4 Rxf4 29. Bg3 Rf7 30. Nf5 Rcf8 31. Qe3 Rxf5 32. gxf5 Rxf5 33. Qd3 Qf6 34. Rde1 Qg6 35. f4 Ba6 36. Qf3 Bxf1 37. Kxf1 Rf7 38. Kg2 Qf5 39. Re8 c5 40. Ra8 c4 41. Rxa5 Qc2+ 42. Kh3 Qf5+ 43. Kg2 Qc2+ 44. Kh3 cxb3 45. Qxd5 b2 46. Qxf7 b1Q 47. f5 Qf1+ 0-1

[Event "POL-ch Ekstraliga-A Rapid"]
[Site "Bydgoszcz"]
[Date "2022.03.12"]
[Round "6.3"]
[White "Reza, Wojciech"]
[Black "Gdanski, Jacek"]
[Result "0-1"]
[WhiteElo "2247"]
[BlackElo "2499"]
[PlyCount "80"]
[EventDate "2022.03.11"]
[EventType "team-tourn (rapid)"]
[EventRounds "10"]
[EventCountry "POL"]
[SourceTitle "CBM 207 Extra"]
[Source "ChessBase"]
[SourceDate "2022.05.31"]
[SourceVersion "1"]
[SourceVersionDate "2022.05.31"]
[SourceQuality "1"]
[WhiteTeam "Gostynin Gostmat 83"]
[BlackTeam "Katowice Wasko"]
[WhiteTeamCountry "POL"]
[BlackTeamCountry "POL"]

1. c4 e5 2. g3 Nc6 3. Bg2 f5 4. Nc3 Nf6 5. d3 Bb4 6. Bd2 0-0 7. e3 d6 8. Nge2 Be6 9. Qb3 Rb8 10. d4 Bf7 11. d5 Bxc3 12. Nxc3 Na5 13. Qa4 c6 14. Nd1 b6 15. Bxa5 bxa5 16. dxc6 Rb4 17. Qc2 e4 18. b3 Qc7 19. Nc3 Qxc6 20. Ne2 Qc5 21. Nd4 a4 22. 0-0 Rfb8 23. a3 Rxb3 24. Nxb3 axb3 25. Qb2 Bxc4 26. Rfc1 d5 27. Rab1 Qb5 28. Qe5 Bd3 29. Rb2 Bc2 30. Qxf5 Qc5 31. Qe5 Re8 32. Qd4 Qxa3 33. Bf1 h6 34. Qc3 Qe7 35. Ra1 Ng4 36. Be2 Ne5 37. Qd4 Qf6 38. Rxa7 Rf8 39. Qxd5+ Kh8 40. f4 exf3 0-1

[Event "POL-ch Ekstraliga-A Rapid"]
[Site "Bydgoszcz"]
[Date "2022.03.12"]
[Round "8.3"]
[White "Reza, Wojciech"]
[Black "Redzisz, Michal"]
[Result "1/2-1/2"]
[WhiteElo "2247"]
[BlackElo "2223"]
[PlyCount "96"]
[EventDate "2022.03.11"]
[EventType "team-tourn (rapid)"]
[EventRounds "10"]
[EventCountry "POL"]
[SourceTitle "CBM 207 Extra"]
[Source "ChessBase"]
[SourceDate "2022.05.31"]
[SourceVersion "1"]
[SourceVersionDate "2022.05.31"]
[SourceQuality "1"]
[WhiteTeam "Gostynin Gostmat 83"]
[BlackTeam "Jastrzebie Zdroj Pionier"]
[WhiteTeamCountry "POL"]
[BlackTeamCountry "POL"]

1. c4 e5 2. g3 d6 3. Bg2 f5 4. Nc3 Nf6 5. d4 Be7 6. Nf3 e4 7. Ng5 h6 8. Nh3 0-0 9. Nf4 Qe8 10. h4 Nh5 11. Ncd5 Bd8 12. Qb3 c6 13. Nxh5 Qxh5 14. Nf4 Ba5+ 15. Bd2 Bxd2+ 16. Kxd2 Qf7 17. h5 Na6 18. f3 Be6 19. Rac1 exf3 20. Bxf3 Rfe8 21. Qc3 Nc7 22. b3 Bd7 23. Rce1 Rac8 24. Rhf1 Ne6 25. Nxe6 Qxe6 26. e4 fxe4 27. Bxe4 Qh3 28. Bg6 Qg2+ 29. Kc1 Rxe1+ 30. Rxe1 Rf8 31. Qd2 Qxg3 32. Re2 Qg1+ 33. Kb2 Qg3 34. Rg2 Qf4 35. Qxf4 Rxf4 36. Re2 Kf8 37. Kc3 a5 38. c5 d5 39. Re5 Rf3+ 40. Kb2 Rf6 41. a3 Be6 42. b4 a4 43. Bc2 Ke7 44. Bxa4 Rf5 45. Rxf5 Bxf5 46. Bd1 g5 47. hxg6 Bxg6 48. Kc3 Ke6 1/2-1/2

[Event "POL-ch Ekstraliga-A Rapid"]
[Site "Bydgoszcz"]
[Date "2022.03.11"]
[Round "5.3"]
[White "Reza, Wojciech"]
[Black "Kantans, Toms"]
[Result "1-0"]
[WhiteElo "2247"]
[BlackElo "2492"]
[PlyCount "141"]
[EventDate "2022.03.11"]
[EventType "team-tourn (rapid)"]
[EventRounds "10"]
[EventCountry "POL"]
[SourceTitle "CBM 207 Extra"]
[Source "ChessBase"]
[SourceDate "2022.05.31"]
[SourceVersion "1"]
[SourceVersionDate "2022.05.31"]
[SourceQuality "1"]
[WhiteTeam "Gostynin Gostmat 83"]
[BlackTeam "Gliwice Akademia Szachowa"]
[WhiteTeamCountry "POL"]
[BlackTeamCountry "POL"]

1. c4 c5 2. Nc3 Nc6 3. Nf3 e5 4. g3 f5 5. d3 Be7 6. Bg2 Nf6 7. Bg5 0-0 8. Bxf6 Bxf6 9. 0-0 d6 10. Ne1 Rb8 11. Nc2 Bd7 12. Rb1 a5 13. a3 Qe8 14. b4 axb4 15. axb4 f4 16. bxc5 dxc5 17. Ne4 Be7 18. Na3 Nd4 19. Nc3 Bc6 20. Nab5 Qh5 21. Nxd4 exd4 22. Bxc6 dxc3 23. Bxb7 Qe5 24. Qc2 Kh8 25. Rb3 Bf6 26. Rfb1 h5 27. Bf3 Rxb3 28. Rxb3 fxg3 29. hxg3 h4 30. gxh4 Qf4 31. Rxc3 Bxc3 32. Qxc3 Qxh4 33. Qe5 Rc8 34. Kg2 Qh6 35. Be4 Qh4 36. Qf5 Rb8 37. Bf3 Rd8 38. Qxc5 g6 39. Qe5+ Kh7 40. Qh2 Qxh2+ 41. Kxh2 Kg7 42. Kg3 Kf6 43. Be4 g5 44. e3 Re8 45. Bd5 Rb8 46. d4 Rb2 47. c5 Rc2 48. Be4 Rc3 49. Kf3 Ke7 50. Bd5 Rc2 51. Be4 Rc3 52. Bh7 Kf6 53. Ke4 Rc2 54. f3 Rc3 55. Bg8 Ke7 56. Bd5 Kf6 57. Bb7 Ke7 58. Bc8 Kd8 59. Bg4 Ke7 60. f4 gxf4 61. Kxf4 Rc1 62. Ke4 Rc3 63. Kf4 Rd3 64. Bf5 Rd1 65. Ke5 Rc1 66. e4 Rc2 67. Kd5 Rc1 68. Kc6 Rd1 69. d5 Rd2 70. d6+ Kd8 71. e5 1-0

[Event "POL-ch Ekstraliga-A Rapid"]
[Site "Bydgoszcz"]
[Date "2022.03.11"]
[Round "1.3"]
[White "Sadzikowski, Daniel"]
[Black "Reza, Wojciech"]
[Result "0-1"]
[WhiteElo "2528"]
[BlackElo "2247"]
[PlyCount "118"]
[EventDate "2022.03.11"]
[EventType "team-tourn (rapid)"]
[EventRounds "10"]
[EventCountry "POL"]
[SourceTitle "CBM 207 Extra"]
[Source "ChessBase"]
[SourceDate "2022.05.31"]
[SourceVersion "1"]
[SourceVersionDate "2022.05.31"]
[SourceQuality "1"]
[WhiteTeam "Katowice Wasko"]
[BlackTeam "Gostynin Gostmat 83"]
[WhiteTeamCountry "POL"]
[BlackTeamCountry "POL"]

1. e4 e5 2. Nf3 Nc6 3. Bb5 a6 4. Ba4 Nf6 5. 0-0 Be7 6. Re1 b5 7. Bb3 d6 8. c3 0-0 9. d4 Bg4 10. Be3 exd4 11. cxd4 Na5 12. Bc2 c5 13. h3 Bh5 14. g4 Bg6 15. Nbd2 Re8 16. d5 Qc7 17. Rc1 Bd8 18. Bf4 Nb7 19. Bg3 Qc8 20. Nh4 Ba5 21. Nxg6 hxg6 22. Re3 c4 23. b3 Bb6 24. Re1 c3 25. Nf3 b4 26. e5 dxe5 27. Nxe5 Bc7 28. Qf3 Bxe5 29. Bxe5 Qc5 30. Bxf6 gxf6 31. Qxf6 Qd6 32. Qd4 a5 33. h4 Qc5 34. Qxc5 Nxc5 35. Kf1 Rad8 36. Rxe8+ Rxe8 37. Rd1 Kf8 38. d6 Rd8 39. Rd5 Nb7 40. Rb5 Rd7 41. h5 gxh5 42. gxh5 Kg7 43. Bf5 Nxd6 44. Bxd7 Nxb5 45. Ke2 Nd4+ 46. Kd3 Kh6 47. Bg4 Nc6 48. f4 Ne7 49. Bd1 Nd5 50. Ke4 Nf6+ 51. Kd4 Nxh5 52. f5 Ng3 53. f6 Kg5 54. Kc4 Nf5 55. Kd3 Kxf6 56. Bc2 Ke5 57. a3 Nd4 58. Bd1 c2 59. Bxc2 Nxc2 0-1

[Event "POL-chT 1st League"]
[Site "Szklarska Poreba"]
[Date "2021.09.10"]
[Round "7.5"]
[White "Pacan Milej, Kosma"]
[Black "Reza, Wojciech"]
[Result "1-0"]
[WhiteElo "2401"]
[BlackElo "2259"]
[PlyCount "103"]
[EventDate "2021.09.04"]
[EventType "team-swiss"]
[EventRounds "9"]
[EventCountry "POL"]
[SourceTitle "CBM 204 Extra"]
[Source "ChessBase"]
[SourceDate "2021.11.30"]
[SourceVersion "1"]
[SourceVersionDate "2021.11.30"]
[SourceQuality "1"]
[WhiteTeam "Dabrowa Gornicza Zaglebie"]
[BlackTeam "Gostynin Gostmat 83"]
[WhiteTeamCountry "POL"]
[BlackTeamCountry "POL"]

1. d4 d5 2. c4 c6 3. Nf3 e6 4. e3 Nf6 5. Bd3 Nbd7 6. 0-0 Bd6 7. Nbd2 0-0 8. e4 dxe4 9. Nxe4 Nxe4 10. Bxe4 h6 11. Bc2 c5 12. Qd3 f5 13. Re1 Qe7 14. Be3 Rd8 15. Rad1 Nf6 16. Qe2 Bd7 17. dxc5 Bxc5 18. Bxc5 Qxc5 19. Ne5 Be8 20. Nd3 Qxc4 21. Bb3 Qe4 22. Qc2 Qg4 23. Ne5 Rxd1 24. Rxd1 Qe4 25. Bxe6+ Kh8 26. Qxe4 fxe4 27. h3 Bb5 28. Ng6+ Kh7 29. Bf5 Kg8 30. Rc1 Be8 31. Rc7 Bxg6 32. Bxg6 b6 33. Kf1 Kh8 34. Rb7 Kg8 35. Ke2 Kf8 36. Rf7+ Kg8 37. Rb7 Kf8 38. Ke3 Nd5+ 39. Kxe4 Ne7 40. Bh5 g6 41. Bg4 Nc6 42. Kd5 Nd8 43. Rc7 Nf7 44. Ke6 Ng5+ 45. Kf6 Rd8 46. Rc8 Ne4+ 47. Kxg6 Rxc8 48. Bxc8 Nxf2 49. Kxh6 Nd3 50. g4 Ne5 51. Be6 Ke7 52. Bb3 1-0

[Event "POL-chT 1st League"]
[Site "Szklarska Poreba"]
[Date "2021.09.07"]
[Round "4.6"]
[White "Reza, Wojciech"]
[Black "Dobrowolski, Piotr"]
[Result "1/2-1/2"]
[WhiteElo "2259"]
[BlackElo "2413"]
[PlyCount "167"]
[EventDate "2021.09.04"]
[EventType "team-swiss"]
[EventRounds "9"]
[EventCountry "POL"]
[SourceTitle "CBM 204 Extra"]
[Source "ChessBase"]
[SourceDate "2021.11.30"]
[SourceVersion "1"]
[SourceVersionDate "2021.11.30"]
[SourceQuality "1"]
[WhiteTeam "Gostynin Gostmat 83"]
[BlackTeam "Wroclaw Polonia"]
[WhiteTeamCountry "POL"]
[BlackTeamCountry "POL"]

1. c4 c5 2. Nc3 Nc6 3. g3 g6 4. Bg2 Bg7 5. e3 d6 6. Nge2 Bd7 7. b3 h5 8. h3 Nh6 9. Bb2 Nf5 10. 0-0 0-0 11. d3 a6 12. Qd2 Rb8 13. f4 b5 14. g4 hxg4 15. hxg4 Nh4 16. Bh1 b4 17. Nd1 e5 18. Nf2 Re8 19. Rae1 exf4 20. exf4 Bxb2 21. Qxb2 Rxe2 22. Qxe2 Nd4 23. Qd1 Kg7 24. Re3 Qa5 25. Qd2 Rh8 26. Rh3 Qd8 27. Qd1 Qc8 28. Kh2 Qe8 29. Ne4 f5 30. Qe1 fxe4 31. Rxh4 exd3 32. Qxe8 Rxe8 33. Bf3 Nxf3+ 34. Rxf3 d2 35. Rd3 Re2+ 36. Kg3 Re3+ 37. Rxe3 d1Q 38. Re7+ Kf6 39. Rxd7 Qe1+ 40. Kh3 Qh1+ 41. Kg3 Qe1+ 42. Kh3 Qe3+ 43. Kg2 Qxf4 44. Rdh7 Qd2+ 45. Kf3 Qd3+ 46. Kf2 Qb1 47. Kf3 Qd1+ 48. Kf2 Qd2+ 49. Kf3 Kg5 50. Rh2 Qf4+ 51. Ke2 Qxg4+ 52. Ke3 Qf4+ 53. Ke2 Qe4+ 54. Kf2 Qf5+ 55. Ke3 Qf4+ 56. Ke2 Qe4+ 57. Kf2 Qb1 58. Ke3 Qf1 59. Ke4 Qf5+ 60. Ke3 Qe6+ 61. Kd2 Kg4 62. Re2 Qf6 63. Ke1 Kg3 64. Re3+ Kg2 65. Re2+ Kg1 66. Rc2 Qe5+ 67. Kd2 g5 68. Kc1 g4 69. Kb1 Qe4 70. Rg7 Kh1 71. Rf7 Kg1 72. Rg7 Qf5 73. Re7 Kf1 74. Ree2 g3 75. Red2 Qf2 76. Rxf2+ gxf2 77. Rc1+ Ke2 78. Rc2+ Ke3 79. Rc1 Ke2 80. Rc2+ Ke3 81. Rc1 Ke2 82. Rc2+ Ke3 83. Rc1 Ke2 84. Rc2+ 1/2-1/2

[Event "Pardubice Czech op-A 32nd"]
[Site "Pardubice"]
[Date "2021.07.30"]
[Round "8"]
[White "Reza, Wojciech"]
[Black "Hlavina, Matous"]
[Result "1-0"]
[WhiteElo "2304"]
[BlackElo "2122"]
[PlyCount "71"]
[EventDate "2021.07.23"]
[EventType "swiss"]
[EventRounds "9"]
[EventCountry "CZE"]
[SourceTitle "CBM 203 Extra"]
[Source "ChessBase"]
[SourceDate "2021.09.30"]
[SourceVersion "1"]
[SourceVersionDate "2021.09.30"]
[SourceQuality "1"]

1. c4 Nf6 2. Nc3 d5 3. cxd5 Nxd5 4. g3 Nxc3 5. bxc3 g6 6. Bg2 Bg7 7. Rb1 0-0 8. Rxb7 Bxb7 9. Bxb7 Nd7 10. Bxa8 Qxa8 11. f3 Rb8 12. Qc2 Qc6 13. Nh3 Qc4 14. Nf2 Nc5 15. Nd1 Rb6 16. Ne3 Qe6 17. d4 Nd7 18. Kf2 Ra6 19. a3 Bh6 20. Qd3 Bxe3+ 21. Qxe3 Nb6 22. Qxe6 fxe6 23. Ke3 Kf7 24. Kd3 Ra4 25. Kc2 a5 26. Bb2 Rc4 27. Rb1 Rc6 28. Bc1 Ke8 29. Rb5 Nc4 30. Kb3 Kd7 31. a4 Kc8 32. Bf4 Kd7 33. h3 Kc8 34. Rc5 Rxc5 35. dxc5 e5 36. Bc1 1-0